| 000 | 00529nam a2200157 i 4500 | ||
|---|---|---|---|
| 001 | 134042 | ||
| 003 | ES-MaACL | ||
| 005 | 20230906194602.0 | ||
| 007 | t| | ||
| 008 | 070905s1922 xxk ||||1| eng d | ||
| 100 | 1 |
_aWard, James. _9116078 |
|
| 245 | 1 | 4 |
_aThe realm of ends or pluralisme and theism _b: the gifford lectures delivered in the University of St. Andrews in the years 1907-10 / _cby James Ward. |
| 260 |
_aCambridge : _bThe University Press, _c1922. |
||
| 300 |
_aXV, 504 p. ; _c22 cm. |
||
| 852 |
_aES-MaACL _jB-1320 |
||
| 999 |
_c134042 _d134042 |
||